书目信息 |
| 题名: |
微积分辅导
|
|
| 作者: | 吴灵敏 , 缪克英 , 龚漫奇 编著 | |
| 分册: | 上 | |
| 出版信息: | 北京 北京交通大学出版社 2006.09 |
|
| 页数: | 296页 | |
| 开本: | 23cm | |
| 丛书名: | 大学数学系列从书 | |
| 单 册: | ||
| 中图分类: | O172 | |
| 科图分类: | ||
| 主题词: | 微积分--wei ji fen--高等学校--学习参考资料 | |
| 电子资源: | ||
| ISBN: | 7-81082-848-7 | |
| 000 | 00977nam 2200265 450 | |
| 001 | 012007600287 | |
| 005 | 20070930105027.59 | |
| 010 | @a7-81082-848-7@dCNY28.00 | |
| 100 | @a20070804d2006 km y0chiy0120 ea | |
| 101 | 0 | @achi |
| 102 | @aCN@b110000 | |
| 105 | @aa z 000yy | |
| 200 | 1 | @a微积分辅导@Awei ji fen fu dao@h上@f龚漫奇, 吴灵敏, 缪克英编著@Fgong man qi,wu ling min,miao ke ying bian zhu |
| 210 | @a北京@c北京交通大学出版社@d2006.09 | |
| 215 | @a296页@c图@d23cm | |
| 225 | 2 | @a大学数学系列从书@Ada xue shu xue xi lie cong shu |
| 330 | @a本书主要内容包括:预备知识,极限与连续,导数与微分,微分中值定理与导数的应用,不定积分,定积分及其应用,在书后附有模拟试卷及其参考答案。 | |
| 410 | 0 | @12001 @a大学数学系列从书 |
| 606 | 0 | @a微积分@Awei ji fen@x高等学校@j学习参考资料 |
| 690 | @aO172@v4 | |
| 701 | 0 | @a吴灵敏@Awu ling min@4编著 |
| 701 | 0 | @a缪克英@Amiao ke ying@4编著 |
| 701 | 0 | @a龚漫奇@Agong man qi@4编著 |
| 801 | 0 | @aCN@c20070930 |
| 905 | @dO172@eG387:1 | |
| 微积分辅导.上/龚漫奇, 吴灵敏, 缪克英编著.-北京:北京交通大学出版社,2006.09 |
| 296页:图;23cm.-(大学数学系列从书) |
| ISBN 7-81082-848-7:CNY28.00 |
| 本书主要内容包括:预备知识,极限与连续,导数与微分,微分中值定理与导数的应用,不定积分,定积分及其应用,在书后附有模拟试卷及其参考答案。 |
| ● |
| 相关链接 |
|
|
|
正题名:微积分辅导
索取号:O172/G387:1
 
预约/预借
| 序号 | 登录号 | 条形码 | 馆藏地/架位号 | 状态 | 备注 |
| 1 | 255932 | 202559329 | 自科库401/401自科库 73排1列3层/ [索取号:O172/G387:1] | 在馆 | |
| 2 | 255933 | 202559338 | 自科库401/401自科库 73排1列3层/ [索取号:O172/G387:1] | 在馆 | |
| 3 | 255934 | 202559347 | 自科库401/401自科库 73排1列3层/ [索取号:O172/G387:1] | 在馆 |